000
00260nam a2200109Ia 4500
008
190912s9999||||xx |||||||||||||| ||und||
100
_a
Khalid Petiwala
245
0
_a
Notes on Company law
260
_a
Karachi
_b
Petiwala Book
_c
2013
300
_a
300
942
_c
BK
999
_c
7551
_d
7551